Les pokémon ayant plusieurs formes - Statistiques

Statistiques générales
  • Ce quiz a été pris 126 fois
    14 depuis la dernière actualisation
  • Le résultat moyen est 192 sur 241
Statistiques - réponses
Nombre de formes Réponse % Correct
18 Arceus
100%
2 Archéduc
100%
2 Braségali
100%
3 Carchacrok
100%
2 Cizayox
100%
2 Clamiral
100%
4 Deoxys
100%
4 Dracaufeu
100%
2 Drattak
100%
2 Feunard
100%
3 Florizarre
100%
2 Goupix
100%
2 Groudon
100%
2 Kyogre
100%
2 Laggron
100%
2 Latias
100%
2 Latios
100%
2 Léviator
100%
2 Lockpin
100%
2 Meganium
100%
3 Mewtwo
100%
4 Miaouss
100%
2 Minotaupe
100%
6 Motisma
100%
2 Noadkoko
100%
2 Persian
100%
17 Pikachu
100%
4 Raichu
100%
2 Rattata
100%
2 Rattatac
100%
2 Rayquaza
100%
2 Roitiflam
100%
2 Scarhino
100%
2 Shaymin
100%
2 Smogogo
100%
Plus de 4 Milliards Spinda
100%
3 Tortank
100%
2 Typhlosion
100%
3 Absol
89%
2 Airmure
89%
2 Alakazam
89%
2 Aligatueur
89%
2 Altaria
89%
2 Amovénus
89%
3 Amphinobi
89%
2 Arcanin
89%
2 Artikodin
89%
2 Baggaïd
89%
3 Bargantua
89%
2 Blindépique
89%
2 Blizzaroi
89%
2 Boréas
89%
2 Caninos
89%
64 Charmilly
89%
2 Charmina
89%
2 Colimucus
89%
2 Dardargnan
89%
2 Darkrai
89%
2 Démétéros
89%
2 Dialga
89%
2 Diancie
89%
2 Dracolosse
89%
3 Ectoplasma
89%
2 Electhor
89%
2 Empiflor
89%
3 Evoli
89%
3 Flagadoss
89%
2 Fulguris
89%
2 Gallame
89%
2 Gardevoir
89%
2 Giratina
89%
2 Goupelin
89%
2 Gueriaigle
89%
2 Jungko
89%
3 Lougaroc
89%
3(mâle/femelle) Mistigrix
89%
2 Momartik
89%
2 Muplodocus
89%
2 Mysdibule
89%
2 Nanméouie
89%
4 Necrozma
89%
2 Ossatueur
89%
2 Palkia
89%
2 Papilusion
89%
2 Pharamp
89%
20 Prismillon
89%
2 Ptéra
89%
2 Ramoloss
89%
2 Ronflex
89%
2 Roucarnage
89%
2 Sabelette
89%
2 Sablaireau
89%
2 Scarabrute
89%
2 Steelix
89%
2 Sulfura
89%
2 Taupiqueur
89%
2 Ténefix
89%
2 Triopikeur
89%
2 Xerneas
89%
2 Zeraora
89%
4 Zygarde
89%
2 Angoliath
78%
2 Astronelle
78%
4 Banshitrouye
78%
2 Branette
78%
2 Brutalibré
78%
2 Canarticho
78%
3 Cheniselle
78%
2 Démolosse
78%
2 Elecsprint
78%
2 Electrode
78%
2 Eoko
78%
2 Etouraptor
78%
2 Exagide
78%
5 Flabébé
78%
7 Floette
78%
5 Florges
78%
2 Fragilady
78%
2(mâle/femelle) Fragroin
78%
2 Galeking
78%
2 Galopa
78%
5 Genesect
78%
2 Gorythmic
78%
2 Gravalanch
78%
2 Heatran
78%
2 Hoopa
78%
2 Keldeo
78%
2(ou 4) Koraidon
78%
2 Krabboss
78%
2 Kravarech
78%
3 Kyurem
78%
2 Lézargus
78%
2 Linéon
78%
2 Lokhlass
78%
3 Lucario
78%
2 Lugulabre
78%
2 Mackogneur
78%
3 Magearna
78%
2 Marshadow
78%
2 Melodelfe
78%
2 Meloetta
78%
2 Métalosse
78%
2 (ou 4) Miraidon
78%
2 Monthracite
78%
4 Morphéo
78%
2 Némélios
78%
6 Nigirigon
78%
4 Pitrouille
78%
2 Poltchageist
78%
2 Polthégeist
78%
2 Ponyta
78%
2 Pyrobut
78%
2 Qwilfish
78%
2 Roigada
78%
2 Sancoki
78%
2 Scolocendre
78%
18 Silvallié
78%
2 Sorcilence
78%
2 Staross
78%
3 Sylveroy
78%
2 Théffroi
78%
2 Théffroyable
78%
2 Torgamord
78%
2 Tritosor
78%
2 Tutafeh
78%
2 Tyranocif
78%
2 Voltorbe
78%
2(mâle/femelle) Wimessir
78%
2 Zacian
78%
28 Zarbi
78%
2 Zigzaton
78%
2 Zoroark
78%
2 Zorua
78%
2 Axoloto
67%
2 Bekaglaçon
67%
2 Brutapode
67%
2 Camérupt
67%
3 Cheniti
67%
2 Corvaillus
67%
2 Crabominable
67%
4 Darumacho
67%
2 Darumarond
67%
2 Deusolourdo
67%
2 Draïeul
67%
2 Dratatin
67%
2 Duralugon
67%
2 Ethernatos
67%
2 Farfuret
67%
2 Golemastoc
67%
2 Golgopathe
67%
2 Grolem
67%
2 Grotadmorv
67%
4 Haydaim
67%
2 Hexadron
67%
2 Kangourex
67%
2 Limonde
67%
2 Melmetal
67%
2 Mimiqui
67%
2 M.Mime
67%
4 Ogerpon
67%
2 Ohmassacre
67%
2 Oniglali
67%
2 Pachyradjah
67%
2(Mâle-Femelle) Paragruel
67%
2 Pichu
67%
4 Plumeline
67%
2 Pomdrapi
67%
2 Racaillou
67%
2 Reshiram
67%
3 Salarsen
67%
2 Scovilain
67%
2 Sepiatroce
67%
2 Sharpedo
67%
4 Shifours
67%
3 Terapagos
67%
4 Vivaldaim
67%
2 Zamazenta
67%
2 Zarude
67%
2 Zekrom
67%
2 Ceriflor
56%
2 Corayon
56%
2 Dunaconda
56%
2 Famignol
56%
2 Floréclat
56%
2 Froussardine
56%
2 Glaivodo
56%
8 Météno
56%
2 Miasmax
56%
2 Mordudor
56%
2 Morpeko
56%
2 Moyade
56%
2 Séracrawl
56%
2 Ursaking
56%
2 Viskuse
56%
10 Couafarel
44%
3 Nigosier
44%
2 Sarmurai
44%
2 Superdofin
44%
2 Tadmorv
44%
4 Tapatoès
44%
4 Tauros
44%
Aucun quiz correspondant
Distribution des résultats
% des personnes avec chaque résultat
Percentile par nombre de réponses
Votre historique - résultats
Vous n’avez pas pris ce quiz depuis la dernière actualisation